000 01017cam a2200205 4500
001 WB3909-22
008 030306n2003 000 0 eng u
035 _a(Sirsi) u121556
245 _aNorthern Ireland opts for capital value domestic rating
260 _c2003
490 _aIRRV Insight
_v(5.5) January/February 2003, 8(1)
520 _aNorthern Ireland is to adopt a new rating system for valuing domestic properties: houses will be assessed by their market value, not their rental value. The new system is expected to come into force in 2006. Consultation by the Northern Irish government showed that many bodies were in favour of a new system based on a property's market value. The responses and public consultation report are available in full on the Rating Policy website, http://www.nics.gov.uk/ratingpolicy/.
590 _aWB
650 _aNORTHERN IRELAND
650 _aRATING SYSTEM
650 _aMARKET VALUES
650 _aRENTAL VALUES
690 _aRATING AND LOCAL TAXATION
942 _n0
999 _c72253
_d72253